000 00711nam a2200229 i 4500
001 bg
245 1 0 _aKatalog typowych konstrukcji nawierzchni sztywnych /
_c[oprac. Grupa Robocza w składzie Andrzej Duszyński et al.] ; Generalna Dyrekcja Dróg Publicznych.
260 _aWarszawa :
_bInstytut Badawczy Dróg i Mostów,
_c2001.
300 _a91 s. ;
_c24 cm.
504 _aWykaz norm.
650 9 _aDrogi
_xprojekty
655 _aKatalogi
700 1 _aDUSZYŃSKI, Andrzej.
710 0 _aGeneralna Dyrekcja Dróg Publicznych
020 _a8391390268
040 _cBPK
041 0 _apl
080 _a625.7/.8
920 _a83-913902-6-8
942 _cKA
008 s pl f |000 0 pol
999 _c35025
_d35025
856 _uhttp://koha.tu.koszalin.pl/cgi-bin/koha/opac-detail.pl?biblionumber=35025
_yKatalog online BPK